[Event "XV Open Nicolo' La Rosa"]
[Site "Mazara del Vallo ITA"]
[Date "2007.08.10"]
[Round "1"]
[White "Riceputi, Vincenzo"]
[Black "Marturana, Daniele"]
[Result "1-0"]
[WhiteElo "1882"]
[BlackElo "1491"]
[PlyCount "61"]
[EventDate "2007.08.10"]

1. e4 c5 2. Nf3 Nc6 3. d4 cxd4 4. Nxd4 g6 5. c4 Bg7 6. Be3 d6 7. Nc3 Nf6 8. Be2
O-O 9. O-O Bd7 10. Qd2 a6 11. f4 Rc8 12. f5 Ne5 13. b3 Bc6 14. fxg6 hxg6 15.
Nxc6 Rxc6 16. Bh6 Qb6+ 17. Kh1 Nfg4 18. Bxg7 Kxg7 19. Bxg4 Nxg4 20. Nd5 Qd8 21.
Rf4 Ne5 22. Rh4 Rh8 23. Rxh8 Kxh8 24. Qh6+ Kg8 25. Rf1 Qf8 26. Qg5 f6 27. Qe3
Kf7 28. Rf4 g5 29. Rf5 Qh6 30. Qa7 g4 31. Rf1 1-0

[Event "XV Open Nicolo' La Rosa"]
[Site "Mazara del Vallo ITA"]
[Date "2007.08.10"]
[Round "1"]
[White "Roberti, Ignazio"]
[Black "Fiorella, Loreto"]
[Result "1-0"]
[WhiteElo "1960"]
[BlackElo "1529"]
[PlyCount "165"]
[EventDate "2007.08.10"]

1. Nf3 Nc6 2. e4 e5 3. Bb5 Bc5 4. c3 Nge7 5. b4 Bb6 6. O-O O-O 7. d3 Ng6 8. Ng5
Nf4 9. Bxf4 exf4 10. Qh5 h6 11. Nh3 Qf6 12. Bxc6 bxc6 13. e5 Qg6 14. Nxf4 Qxh5
15. Nxh5 d6 16. a4 a5 17. d4 axb4 18. a5 Rxa5 19. Rxa5 Bxa5 20. Nd2 bxc3 21.
Ne4 Bf5 22. Nhg3 Bg6 23. Rc1 c2 24. Rxc2 d5 25. Ra2 Bb6 26. Nc5 Re8 27. f4 f6
28. f5 Bh7 29. e6 g6 30. fxg6 Bxg6 31. Re2 h5 32. h4 f5 33. Re5 f4 34. Ne2 Bxc5
35. dxc5 Rf8 36. Kf2 Rf5 37. Rxf5 Bxf5 38. Nxf4 Bg4 39. Ke3 Kg7 40. Kd4 Kf6 41.
g3 Bd1 42. e7 Kxe7 43. Ke5 Bg4 44. Ng2 Be6 45. Ne1 Bg4 46. Nd3 Be6 47. Nb4 Bd7
48. Na6 Kd8 49. Kf6 Bg4 50. Nb8 Bd7 51. Nxd7 Kxd7 52. Kg5 Ke6 53. Kxh5 Kf5 54.
g4+ Kf4 55. g5 d4 56. g6 d3 57. g7 d2 58. g8=Q d1=Q+ 59. Kh6 Qd4 60. Qg5+ Ke4
61. h5 Qd7 62. Qh4+ Kd5 63. Qg5+ Kc4 64. Qe5 Kb5 65. Kg5 Qd2+ 66. Kg6 Qg2+ 67.
Qg5 Qe4+ 68. Qf5 Qe8+ 69. Kg7 Qe7+ 70. Qf7 Qe5+ 71. Kg8 Qg5+ 72. Kh7 Qxc5 73.
h6 Qd6 74. Kg7 Qd4+ 75. Qf6 Qd7+ 76. Kf8 Qc8+ 77. Ke7 Qh3 78. Qe6 Qa3+ 79. Ke8
Qa8+ 80. Kd7 Qh8 81. Kxc7 Qh7+ 82. Kd6 c5 83. Qd7+ 1-0

[Event "XV Open Nicolo' La Rosa"]
[Site "Mazara del Vallo ITA"]
[Date "2007.08.10"]
[Round "1"]
[White "Sgarito, Carmelo"]
[Black "Colicchia, Michele"]
[Result "1-0"]
[WhiteElo "1925"]
[BlackElo "1496"]
[PlyCount "51"]
[EventDate "2007.08.10"]

1. d4 d5 2. Nf3 Nc6 3. Bg5 Bg4 4. Nbd2 g6 5. e3 Bg7 6. Be2 Nf6 7. O-O O-O 8. c4
dxc4 9. Nxc4 Ne4 10. Bf4 Nb4 11. h3 Bf5 12. Bh2 Nd5 13. Nfe5 Nd6 14. Qb3 b6 15.
Nc6 Qd7 16. Nxd6 Qxc6 17. Nxf5 gxf5 18. Rac1 Qd7 19. Bb5 Qd8 20. Bc6 Rc8 21.
Qxd5 Qxd5 22. Bxd5 c5 23. Bb7 Rcd8 24. dxc5 bxc5 25. Rxc5 e6 26. b4 1-0

[Event "XV Open Nicolo' La Rosa"]
[Site "Mazara del Vallo ITA"]
[Date "2007.08.10"]
[Round "2"]
[White "Bocci, Alessandro"]
[Black "Iracani, Michele"]
[Result "1-0"]
[WhiteElo "1929"]
[BlackElo "1615"]
[PlyCount "97"]
[EventDate "2007.08.10"]

1. d4 Nf6 2. c4 g6 3. Nc3 Bg7 4. e4 c5 5. d5 d6 6. Nf3 O-O 7. Be2 Na6 8. O-O
Nc7 9. Bg5 h6 10. Bh4 Re8 11. Qc2 Nd7 12. Ne1 g5 13. Bg3 e5 14. Bg4 Nf6 15.
Bxc8 Qxc8 16. a3 a5 17. b3 Nh5 18. Rb1 b6 19. Nd3 f5 20. f3 f4 21. Bf2 g4 22.
fxg4 Qxg4 23. Qd1 Qg6 24. Qf3 Rf8 25. b4 Rab8 26. Rb2 axb4 27. axb4 Na6 28.
Rfb1 Nf6 29. bxc5 bxc5 30. Rb6 Nb4 31. Rxd6 Nxd3 32. Rxb8 Rxb8 33. Qxd3 Bf8 34.
Rc6 Qg5 35. h4 Qg7 36. Qh3 Kh8 37. Qf5 Be7 38. Rc8+ Rxc8 39. Qxc8+ Kh7 40. Qf5+
Kg8 41. Qxe5 f3 42. Qg3 Ng4 43. Qxf3 Nxf2 44. Kxf2 Qd4+ 45. Ke2 Bxh4 46. Qg4+
Kh7 47. Qxh4 Qxc3 48. Qe7+ Kg6 49. Qxc5 {...} 1-0

[Event "XV Open Nicolo' La Rosa"]
[Site "Mazara del Vallo ITA"]
[Date "2007.08.10"]
[Round "2"]
[White "Bonanno, Giuseppe"]
[Black "Messina, Damiano"]
[Result "0-1"]
[WhiteElo "1569"]
[BlackElo "2033"]
[PlyCount "94"]
[EventDate "2007.08.10"]

1. e4 e6 2. Nf3 d5 3. exd5 exd5 4. d4 Nf6 5. Be2 Bd6 6. O-O O-O 7. Bg5 Bf5 8.
c4 dxc4 9. Bxc4 Nbd7 10. Nc3 c6 11. Bd3 Bg4 12. h3 Bh5 13. Ne4 Be7 14. Ng3 Bg6
15. Bxg6 hxg6 16. Qb3 Qc7 17. Rac1 Bd6 18. Ne2 Ne4 19. Be3 Ndf6 20. Nc3 a6 21.
Nxe4 Nxe4 22. Ng5 Nf6 23. Rfd1 Nd5 24. Ne4 Bh2+ 25. Kh1 Rfe8 26. Nd2 Re6 27.
Nf3 Bd6 28. Re1 Rae8 29. Ng5 R6e7 30. a3 Bf4 31. Nf3 Nxe3 32. fxe3 Rxe3 33. Qc2
Qe7 34. Qf2 Re2 35. Rxe2 Qxe2 36. Rf1 Bg3 37. Qg1 f6 38. d5 cxd5 39. Rd1 Qe4
40. Qa7 Re7 41. Rc1 g5 42. Qc5 Kh7 43. Rd1 Rc7 44. Qg1 Rc2 45. Nd4 Rxb2 46. Qf1
Rf2 47. Qg1 g4 0-1

[Event "XV Open Nicolo' La Rosa"]
[Site "Mazara del Vallo ITA"]
[Date "2007.08.10"]
[Round "2"]
[White "Carbone, Leonardo"]
[Black "Cerami, Giuseppe"]
[Result "0-1"]
[WhiteElo "1355"]
[BlackElo "1781"]
[PlyCount "50"]
[EventDate "2007.08.10"]

1. e4 e6 2. Nc3 c5 3. d4 cxd4 4. Qxd4 Nc6 5. Qd1 Nf6 6. Nf3 d6 7. Bd3 Be7 8.
O-O O-O 9. Re1 e5 10. Nd5 Nxd5 11. exd5 Nb4 12. Be4 Bg4 13. c3 Na6 14. Qd3 f5
15. h3 fxe4 16. Qxe4 Bxf3 17. gxf3 Nc5 18. Qe2 Bg5 19. b4 Nd7 20. Kf1 Bf4 21.
Bxf4 Rxf4 22. Qe3 Qh4 23. Ke2 Nb6 24. Qxe5 dxe5 25. d6 Qxh3 0-1

[Event "XV Open Nicolo' La Rosa"]
[Site "Mazara del Vallo ITA"]
[Date "2007.08.10"]
[Round "2"]
[White "Cerami, Gianvito"]
[Black "Sgarito, Carmelo"]
[Result "0-1"]
[WhiteElo "1616"]
[BlackElo "1925"]
[PlyCount "56"]
[EventDate "2007.08.10"]

1. d4 d5 2. c4 c6 3. Nc3 g6 4. e4 dxe4 5. Nxe4 Bg7 6. h3 Qxd4 7. Qe2 Nf6 8. Nf3
Qxe4 9. Be3 O-O 10. Rd1 Na6 11. Rd4 Qb1+ 12. Rd1 Qxa2 13. g3 Bf5 14. Bg2 Rad8
15. O-O Rxd1 16. Rxd1 Nb4 17. Ne1 Re8 18. Qd2 Qxc4 19. Bf1 Qb3 20. Rc1 Ne4 21.
Qd1 Qxd1 22. Rxd1 Nd5 23. Bxa7 b6 24. Bc4 Nef6 25. Nf3 Ra8 26. Ra1 Nd7 27. Ra2
Ne5 28. Nxe5 Bxe5 0-1

[Event "XV Open Nicolo' La Rosa"]
[Site "Mazara del Vallo ITA"]
[Date "2007.08.10"]
[Round "2"]
[White "Colicchia, Vincenzo"]
[Black "La Bella, Massimiliano"]
[Result "0-1"]
[WhiteElo "1835"]
[BlackElo "1826"]
[PlyCount "34"]
[EventDate "2007.08.10"]

1. e4 Nc6 2. Nf3 d5 3. exd5 Qxd5 4. Nc3 Qa5 5. d3 Nf6 6. Bd2 Bg4 7. Be2 O-O-O
8. Ne4 Qh5 9. h3 Nxe4 10. dxe4 e6 11. O-O Bxf3 12. Bxf3 Qe5 13. b3 Bb4 14. Qb1
Rxd2 15. a3 Bd6 16. g3 Nd4 17. Bg2 Ne2+ 0-1

[Event "XV Open Nicolo' La Rosa"]
[Site "Mazara del Vallo ITA"]
[Date "2007.08.10"]
[Round "2"]
[White "D'Angelo, Giovanni"]
[Black "Lo Duca, Francesco"]
[Result "1-0"]
[WhiteElo "1440"]
[BlackElo "1467"]
[PlyCount "37"]
[EventDate "2007.08.10"]

1. e4 e5 2. Nf3 Nc6 3. Bc4 Nf6 4. Ng5 d5 5. exd5 Nxd5 6. Nxf7 Kxf7 7. Qf3+ Ke6
8. Nc3 Ncb4 9. O-O c6 10. a3 Nxc2 11. Nxd5 cxd5 12. Bb5 Nxa1 13. Qg4+ Ke7 14.
Qg5+ Kf7 15. Qxd8 d4 16. Qd5+ Kf6 17. f4 Be6 18. fxe5+ Ke7 19. Qxb7+ 1-0

[Event "XV Open Nicolo' La Rosa"]
[Site "Mazara del Vallo ITA"]
[Date "2007.08.10"]
[Round "2"]
[White "Di Dia, Benedetto"]
[Black "Roberti, Ignazio"]
[Result "0-1"]
[WhiteElo "1584"]
[BlackElo "1960"]
[PlyCount "76"]
[EventDate "2007.08.10"]

1. e4 Nc6 2. Nf3 Nf6 3. Nc3 d5 4. e5 Ne4 5. d3 Nxc3 6. bxc3 d4 7. Bb2 dxc3 8.
Bxc3 Bg4 9. Be2 e6 10. O-O Bc5 11. d4 Bxf3 12. Bxf3 Nxd4 13. Bxd4 Bxd4 14. Bxb7
Bxa1 15. Bxa8 Qxd1 16. Rxd1 Bxe5 17. Bc6+ Ke7 18. Rd7+ Kf6 19. g3 Bd6 20. h4
Rb8 21. g4 g6 22. g5+ Kg7 23. c3 Rb6 24. Be4 Ra6 25. Bf3 Rxa2 26. h5 Ra5 27.
h6+ Kg8 28. Rd8+ Bf8 29. Bg2 Rxg5 30. Rc8 Rc5 31. Ra8 Rxc3 32. Rxa7 Bxh6 33.
Ra5 c5 34. Bf1 Rc1 35. Kg2 Kg7 36. Ra4 Bd2 37. Be2 Kf6 38. Kf3 Ke5 0-1

[Event "XV Open Nicolo' La Rosa"]
[Site "Mazara del Vallo ITA"]
[Date "2007.08.10"]
[Round "2"]
[White "Fiducioso, Marco"]
[Black "Alcide, Fabio"]
[Result "1-0"]
[WhiteElo "2019"]
[BlackElo "1595"]
[PlyCount "51"]
[EventDate "2007.08.10"]

1. e4 e5 2. Nf3 Nf6 3. Nxe5 d6 4. Nf3 Nxe4 5. d4 d5 6. Bd3 Bf5 7. O-O Bd6 8.
Re1 O-O 9. c4 c6 10. Qb3 Qb6 11. Qxb6 axb6 12. cxd5 cxd5 13. Nh4 Be6 14. Bxe4
dxe4 15. Rxe4 Ra4 16. Nc3 Rc4 17. Nf3 Nd7 18. Nd2 Rc7 19. Re1 Bb4 20. Nde4 Bf5
21. Bf4 Rc4 22. Red1 Bxe4 23. Nxe4 Rc2 24. a3 Re8 25. axb4 Rxe4 26. Ra8+ 1-0

[Event "XV Open Nicolo' La Rosa"]
[Site "Mazara del Vallo ITA"]
[Date "2007.08.10"]
[Round "2"]
[White "La Spada, Giorgia"]
[Black "Ferrante, Filippo"]
[Result "0-1"]
[WhiteElo "1440"]
[BlackElo "1514"]
[PlyCount "64"]
[EventDate "2007.08.10"]

1. e4 e6 2. Nf3 d5 3. d3 dxe4 4. Bg5 f6 5. Bf4 exf3 6. Qxf3 Bd6 7. Qh5+ g6 8.
Qb5+ c6 9. Qa4 Bxf4 10. d4 Bh6 11. Bc4 Qxd4 12. c3 Qe5+ 13. Be2 b5 14. Qa5 b4
15. f4 Qxa5 16. Rf1 b3 17. Na3 Ba6 18. Rd1 Bxe2 19. Kxe2 bxa2 20. Nc4 Qh5+ 21.
Kf2 Qc5+ 22. Kf3 Qxc4 23. Rd2 Qxf4+ 24. Ke2 Qxd2+ 25. Kf3 Qf4+ 26. Ke2 Qxf1+
27. Kxf1 a1=Q+ 28. Kf2 Na6 29. g3 Rd8 30. Ke2 Qxb2+ 31. Kf3 Qd2 32. Ke4 Qd3#
0-1

[Event "XV Open Nicolo' La Rosa"]
[Site "Mazara del Vallo ITA"]
[Date "2007.08.10"]
[Round "2"]
[White "Melia, Lorenzo"]
[Black "Palazzotto, Roberto"]
[Result "0-1"]
[WhiteElo "1736"]
[BlackElo "1725"]
[PlyCount "56"]
[EventDate "2007.08.10"]

1. e4 c5 2. Nf3 d6 3. d4 cxd4 4. Nxd4 Nf6 5. Nc3 g6 6. Be3 Bg7 7. Qd2 O-O 8.
O-O-O Ng4 9. Bg5 Nc6 10. Nxc6 bxc6 11. f3 Nf6 12. e5 Nd5 13. Nxd5 cxd5 14. exd6
Qb6 15. b3 Qxd6 16. Kb1 Qe5 17. c3 Bf5+ 18. Kb2 Rac8 19. Rc1 d4 20. c4 d3+ 21.
Ka3 Qd6+ 22. b4 Bd7 23. Kb3 Qa6 24. b5 Bxb5 25. cxb5 Qxb5+ 26. Ka3 Rxc1 27.
Bxe7 Qa6+ 28. Kb3 Rb1+ 0-1

[Event "XV Open Nicolo' La Rosa"]
[Site "Mazara del Vallo ITA"]
[Date "2007.08.10"]
[Round "2"]
[White "Melograni, Francesco"]
[Black "Pellegrino, Giuseppe"]
[Result "1/2-1/2"]
[WhiteElo "1709"]
[BlackElo "1739"]
[PlyCount "37"]
[EventDate "2007.08.10"]

1. e4 Nf6 2. Nc3 d5 3. exd5 Nxd5 4. d4 Nxc3 5. bxc3 g6 6. Bd3 Bg7 7. Nf3 Bg4 8.
h3 Bxf3 9. Qxf3 c6 10. O-O O-O 11. Re1 Re8 12. Bc4 e6 13. Bf4 Nd7 14. Rab1 Nb6
15. Bb3 Qd7 16. h4 Nd5 17. Bd2 Nf6 18. Rbd1 a5 19. a4 1/2-1/2

[Event "XV Open Nicolo' La Rosa"]
[Site "Mazara del Vallo ITA"]
[Date "2007.08.10"]
[Round "2"]
[White "Meo, Antonino"]
[Black "Croci, Roberto"]
[Result "0-1"]
[WhiteElo "1434"]
[BlackElo "1562"]
[PlyCount "42"]
[EventDate "2007.08.10"]

1. e4 Nf6 2. e5 Nd5 3. Bc4 Nb6 4. b3 d5 5. Bb5+ Bd7 6. Bxd7+ Qxd7 7. Nf3 Nc6 8.
d4 O-O-O 9. O-O f6 10. Nc3 g5 11. Qe2 g4 12. e6 Qe8 13. Nh4 Qh5 14. g3 Nxd4 15.
Qd3 Nf3+ 16. Nxf3 gxf3 17. Bf4 a6 18. Na4 Nxa4 19. bxa4 Rg8 20. Qc3 c6 21. Qc5
Qh3 0-1

[Event "XV Open Nicolo' La Rosa"]
[Site "Mazara del Vallo ITA"]
[Date "2007.08.10"]
[Round "2"]
[White "Messina, Marco"]
[Black "Marino, Davide"]
[Result "1-0"]
[WhiteElo "2051"]
[BlackElo "1583"]
[PlyCount "57"]
[EventDate "2007.08.10"]

1. e4 c5 2. f4 e6 3. Nf3 Nc6 4. Nc3 d5 5. exd5 exd5 6. Bb5 Bd7 7. Nxd5 a6 8.
Qe2+ Be6 9. Bxc6+ bxc6 10. Nc3 Nf6 11. f5 Qe7 12. fxe6 Qxe6 13. Qxe6+ fxe6 14.
O-O Bd6 15. d3 O-O 16. Ne4 Nxe4 17. dxe4 Rad8 18. Bg5 Rd7 19. Rad1 Rff7 20. Rd2
h6 21. Rfd1 Bxh2+ 22. Kxh2 Rxd2 23. Rxd2 hxg5 24. Nxg5 Rf6 25. Rd8+ Rf8 26.
Rxf8+ Kxf8 27. Nxe6+ Kf7 28. Nxc5 a5 29. a4 1-0

[Event "XV Open Nicolo' La Rosa"]
[Site "Mazara del Vallo ITA"]
[Date "2007.08.10"]
[Round "2"]
[White "Mondello, Simone"]
[Black "Riceputi, Vincenzo"]
[Result "0-1"]
[WhiteElo "1641"]
[BlackElo "1882"]
[PlyCount "44"]
[EventDate "2007.08.10"]

1. e4 c5 2. Nf3 d6 3. d4 cxd4 4. Nxd4 Nf6 5. Nc3 a6 6. Bg5 Nbd7 7. f4 Qc7 8.
Qf3 b5 9. Bd3 Bb7 10. O-O-O Rc8 11. a3 e6 12. Rhe1 Qa5 13. Nb3 Qc7 14. g4 d5
15. exd5 Bxa3 16. bxa3 Qxc3 17. Kb1 Bxd5 18. Bxf6 Nxf6 19. Qe2 Bxb3 20. cxb3
Qxb3+ 21. Ka1 Qxa3+ 22. Kb1 O-O 0-1

[Event "XV Open Nicolo' La Rosa"]
[Site "Mazara del Vallo ITA"]
[Date "2007.08.10"]
[Round "2"]
[White "Montalto, Antonio"]
[Black "Pipitone, Claudio"]
[Result "1/2-1/2"]
[WhiteElo "1814"]
[BlackElo "1646"]
[PlyCount "52"]
[EventDate "2007.08.10"]

1. d4 Nf6 2. c4 g6 3. Nc3 Bg7 4. Nf3 d6 5. e4 O-O 6. Be2 e5 7. d5 Nbd7 8. b4 a5
9. Ba3 axb4 10. Bxb4 b6 11. a4 Nc5 12. Nd2 Bb7 13. Ra2 c6 14. f3 Nh5 15. Bxc5
bxc5 16. g3 f5 17. Nf1 fxe4 18. fxe4 Qf6 19. Bxh5 gxh5 20. Qxh5 Qf3 21. Qxf3
Rxf3 22. Ne2 cxd5 23. cxd5 Ba6 24. Rb2 Bd3 25. Rg1 Rxa4 26. g4 Bxe4 1/2-1/2

[Event "XV Open Nicolo' La Rosa"]
[Site "Mazara del Vallo ITA"]
[Date "2007.08.10"]
[Round "2"]
[White "Morello, Guido"]
[Black "Bruno, Yama"]
[Result "1-0"]
[WhiteElo "1752"]
[BlackElo "1659"]
[PlyCount "61"]
[EventDate "2007.08.10"]

1. e4 d5 2. exd5 Qxd5 3. d4 e5 4. Nf3 Nc6 5. Nc3 Bb4 6. Bd2 Bxc3 7. Bxc3 Bg4 8.
Be2 e4 9. Nd2 Bxe2 10. Qxe2 Nxd4 11. Bxd4 Qxd4 12. Qxe4+ Qxe4+ 13. Nxe4 O-O-O
14. O-O Nh6 15. Rad1 Rxd1 16. Rxd1 Re8 17. Nc3 c6 18. Kf1 Re7 19. a4 Re5 20.
Re1 Rxe1+ 21. Kxe1 Nf5 22. Ke2 f6 23. Ne4 b6 24. g3 Kd7 25. Kd3 Ke6 26. b4 Nd6
27. c4 Nxe4 28. Kxe4 a5 29. c5 b5 30. bxa5 b4 31. a6 1-0

[Event "XV Open Nicolo' La Rosa"]
[Site "Mazara del Vallo ITA"]
[Date "2007.08.10"]
[Round "2"]
[White "Nobile, Angelo"]
[Black "Oddo, Salvatore"]
[Result "0-1"]
[WhiteElo "1413"]
[BlackElo "1601"]
[PlyCount "100"]
[EventDate "2007.08.10"]

1. d4 d6 2. Bf4 e6 3. e3 Bd7 4. Nf3 Be7 5. Be2 Nf6 6. Nbd2 O-O 7. O-O Nh5 8.
Bg5 Bxg5 9. Nxg5 Qxg5 10. Bxh5 g6 11. Ne4 Qe7 12. Bf3 d5 13. Nc3 a6 14. e4 dxe4
15. Nxe4 c6 16. c3 Bc8 17. Be2 Nd7 18. Qb3 b5 19. c4 f5 20. Nd2 Kh8 21. cxb5
cxb5 22. a3 Nb6 23. Qb4 Qxb4 24. axb4 Nd5 25. Bf3 Rd8 26. Nb3 Rb8 27. Bxd5 Rxd5
28. Rfd1 Rb6 29. Rac1 Bd7 30. Nc5 Rbd6 31. Nb3 e5 32. Rc5 Kg7 33. Rxd5 Rxd5 34.
h3 exd4 35. Rxd4 Rxd4 36. Nxd4 Kf6 37. f3 Ke5 38. Nb3 Kd5 39. g4 fxg4 40. fxg4
Kc4 41. Nc5 Bc8 42. Ne4 Kxb4 43. Nf6 h5 44. Nd5+ Kb3 45. Nb6 Be6 46. Kg2 hxg4
47. hxg4 Bxg4 48. Nd5 Kxb2 49. Kg3 Bf5 50. Kf4 Kb3 0-1

[Event "XV Open Nicolo' La Rosa"]
[Site "Mazara del Vallo ITA"]
[Date "2007.08.10"]
[Round "2"]
[White "Palazzotto, Giuseppe"]
[Black "Di Liberti, Ivan"]
[Result "1-0"]
[WhiteElo "1887"]
[BlackElo "1635"]
[PlyCount "61"]
[EventDate "2007.08.10"]

1. d4 d5 2. c4 e6 3. Nc3 Nf6 4. Bg5 c6 5. e3 Nbd7 6. Nf3 Bb4 7. a3 Bxc3+ 8.
bxc3 O-O 9. Bd3 b6 10. O-O Bb7 11. Qc2 h6 12. Bh4 Qc7 13. Bg3 Qd8 14. Rab1 Rc8
15. Bd6 Re8 16. c5 Kh8 17. Rfc1 Ng8 18. h3 Qf6 19. Ne5 Nxe5 20. dxe5 Qd8 21. c4
dxc4 22. Qxc4 b5 23. Qe4 f5 24. exf6 Nxf6 25. Qg6 e5 26. Bf5 Ra8 27. Rd1 Qa5
28. Bxe5 Rxe5 29. Rd7 Rg8 30. Qxf6 Rd5 31. Qxh6+ 1-0

[Event "XV Open Nicolo' La Rosa"]
[Site "Mazara del Vallo ITA"]
[Date "2007.08.10"]
[Round "2"]
[White "Pipitone, Marco"]
[Black "La Bella, Roberto"]
[Result "0-1"]
[WhiteElo "1176"]
[BlackElo "2075"]
[PlyCount "44"]
[EventDate "2007.08.10"]

1. e4 e5 2. d4 exd4 3. Qxd4 Nc6 4. Qd1 Nf6 5. Nc3 Bb4 6. a3 Bxc3+ 7. bxc3 Nxe4
8. Qe2 O-O 9. Qxe4 Re8 10. f3 Rxe4+ 11. fxe4 Qh4+ 12. g3 Qxe4+ 13. Be2 Qxh1 14.
Kf1 d5 15. Bf3 Bh3+ 16. Kf2 Qxh2+ 17. Ke1 Qxg1+ 18. Ke2 Re8+ 19. Kd2 Qe1+ 20.
Kd3 Re3+ 21. Bxe3 Bf1+ 22. Be2 Bxe2# 0-1

[Event "XV Open Nicolo' La Rosa"]
[Site "Mazara del Vallo ITA"]
[Date "2007.08.10"]
[Round "2"]
[White "Salvato, Angela"]
[Black "Profera, Bruno"]
[Result "0-1"]
[WhiteElo "1569"]
[BlackElo "1380"]
[PlyCount "48"]
[EventDate "2007.08.10"]

1. e4 e5 2. Nf3 Nc6 3. Bc4 Nf6 4. d3 d5 5. Nc3 dxc4 6. Be3 cxd3 7. cxd3 Bb4 8.
O-O Bxc3 9. bxc3 O-O 10. d4 Bg4 11. Rb1 Bxf3 12. Qxf3 exd4 13. cxd4 Nxd4 14.
Bxd4 Qxd4 15. Rbd1 Qxe4 16. Qb3 c5 17. Rd6 c4 18. Qb4 Rac8 19. Qc3 Rfd8 20.
Rxf6 gxf6 21. f3 Qd4+ 22. Qxd4 Rxd4 23. g4 c3 24. Rd1 Rxd1+ 0-1

[Event "XV Open Nicolo' La Rosa"]
[Site "Mazara del Vallo ITA"]
[Date "2007.08.10"]
[Round "2"]
[White "Sgarito, Lino"]
[Black "Cassia, Giuseppe"]
[Result "1-0"]
[WhiteElo "1464"]
[BlackElo "1484"]
[PlyCount "110"]
[EventDate "2007.08.10"]

1. b4 d5 2. Bb2 e6 3. Nf3 Nf6 4. a3 Bd6 5. e3 b6 6. c4 dxc4 7. Bxc4 Bb7 8. Nc3
O-O 9. Qc2 Nbd7 10. h3 Ne5 11. Be2 Bd5 12. Nxe5 Bxe5 13. d4 Bd6 14. e4 Nxe4 15.
Nxe4 Qh4 16. Bd3 f5 17. Nxd6 cxd6 18. g3 Qh5 19. Be2 Qf7 20. Rg1 Rac8 21. Qd2
Qb7 22. Bc3 Bf3 23. Rc1 Bd5 24. f4 Rc7 25. Qe3 Rfc8 26. Kd2 Kf7 27. Rgf1 Bc4
28. b5 a6 29. a4 a5 30. Bf3 Bd5 31. g4 g6 32. Bb2 Bxf3 33. Qxf3 Qxf3 34. Rxf3
Rxc1 35. Bxc1 Rc4 36. Bb2 Rxa4 37. Rb3 Rc4 38. Kd3 d5 39. Ba3 Ke8 40. Rc3 Rxc3+
41. Kxc3 Kd7 42. Kd3 Ke8 43. Ke3 Kd7 44. Kf3 Ke8 45. Kg3 h6 46. gxf5 exf5 47.
h4 h5 48. Kf3 Kd7 49. Ke3 Ke8 50. Kd3 Kd7 51. Kc3 Kc8 52. Bd6 Kb7 53. Kb3 Kc8
54. Ka4 Kb7 55. Kb3 Kc8 1-0

[Event "XV Open Nicolo' La Rosa"]
[Site "Mazara del Vallo ITA"]
[Date "2007.08.10"]
[Round "2"]
[White "Solinas, Vittorio"]
[Black "La Bella, Alessio"]
[Result "0-1"]
[WhiteElo "1446"]
[BlackElo "1452"]
[PlyCount "66"]
[EventDate "2007.08.10"]

1. e4 c6 2. Nf3 d5 3. exd5 cxd5 4. d4 Bg4 5. Nc3 Nc6 6. Be2 e6 7. h3 Bh5 8. Bf4
Bb4 9. Bd2 Bxf3 10. Bxf3 Nxd4 11. a3 Bd6 12. Be3 Nf5 13. O-O Nxe3 14. fxe3 Nf6
15. b4 O-O 16. Nb5 Be5 17. Nd4 Qc7 18. Bg4 Bh2+ 19. Kh1 Ne4 20. Ne2 f5 21. Bf3
g5 22. Bxe4 fxe4 23. Rxf8+ Rxf8 24. Nd4 Rf2 25. Qg4 Qe5 26. Qxe6+ Qxe6 27. Nxe6
Be5 28. Nxg5 Bxa1 29. Ne6 Rxc2 30. Nc5 Be5 31. Kg1 Bg3 32. Kf1 b6 33. Ne6 Rc3
0-1

[Event "XV Open Nicolo' La Rosa"]
[Site "Mazara del Vallo ITA"]
[Date "2007.08.11"]
[Round "3"]
[White "Alcide, Fabio"]
[Black "D'Angelo, Giovanni"]
[Result "0-1"]
[WhiteElo "1595"]
[BlackElo "1440"]
[PlyCount "70"]
[EventDate "2007.08.10"]

1. e4 c6 2. d4 d5 3. exd5 cxd5 4. Bd3 Nc6 5. c3 Nf6 6. Nf3 Bg4 7. h3 Bxf3 8.
Qxf3 e6 9. O-O Be7 10. Bg5 O-O 11. Qg3 Ne4 12. Bxe4 Bxg5 13. Bd3 Qf6 14. f4 Bh6
15. Nd2 Qd8 16. Rad1 Qb6 17. b4 Qc7 18. Qh4 Qe7 19. Qxe7 Nxe7 20. g4 g6 21. f5
exf5 22. gxf5 Rac8 23. Rde1 Bxd2 24. Rxe7 Rxc3 25. Bb1 Rxh3 26. Rxb7 Rh4 27.
Rd1 Rxd4 28. Kf1 Rxb4 29. Rxa7 Be3 30. Re7 d4 31. Re4 Rfb8 32. Bc2 gxf5 33. Rh4
Rb2 34. Bxf5 Rf2+ 35. Ke1 Rxf5 0-1

[Event "XV Open Nicolo' La Rosa"]
[Site "Mazara del Vallo ITA"]
[Date "2007.08.11"]
[Round "3"]
[White "Bruno, Yama"]
[Black "Sant'Antonio, Giovanni"]
[Result "1-0"]
[WhiteElo "1659"]
[BlackElo "1362"]
[PlyCount "31"]
[EventDate "2007.08.10"]

1. Nh3 d5 2. g3 e5 3. Bg2 Be6 4. O-O Nf6 5. Ng5 Bd7 6. d3 Nc6 7. f4 Bc5+ 8. e3
Ng4 9. Qd2 exf4 10. d4 Qxg5 11. dxc5 fxg3 12. hxg3 Qh6 13. Bxd5 O-O 14. e4 Qh5
15. c3 Rfe8 16. Bxf7+ 1-0

[Event "XV Open Nicolo' La Rosa"]
[Site "Mazara del Vallo ITA"]
[Date "2007.08.11"]
[Round "3"]
[White "Cassia, Giuseppe"]
[Black "Di Dia, Benedetto"]
[Result "0-1"]
[WhiteElo "1484"]
[BlackElo "1584"]
[PlyCount "82"]
[EventDate "2007.08.10"]

1. c4 Nf6 2. Nc3 Nc6 3. g3 e6 4. Bg2 d5 5. cxd5 exd5 6. d4 Bb4 7. e3 Bf5 8.
Nge2 Ne4 9. O-O Nxc3 10. Nxc3 Bxc3 11. bxc3 O-O 12. Qb3 Be4 13. Bxe4 dxe4 14.
Qxb7 Qd7 15. Qb5 Rfb8 16. Qe2 h6 17. f4 Qf5 18. g4 Qe6 19. h3 f5 20. gxf5 Qxf5
21. Qc4+ Kh8 22. Qxc6 Rg8 23. Qc5 Qxh3 24. f5 Raf8 25. Qe5 Qg4+ 26. Kh1 h5 27.
Qf4 Qh3+ 28. Qh2 Qxf1+ 29. Qg1 Qxg1+ 30. Kxg1 Rxf5 31. Ba3 g5 32. Rf1 Rxf1+ 33.
Kxf1 g4 34. d5 g3 35. Kg2 h4 36. Kg1 h3 37. d6 cxd6 38. Bxd6 h2+ 39. Kg2 Kh7
40. Bf4 Rg4 41. c4 Rh4 0-1

[Event "XV Open Nicolo' La Rosa"]
[Site "Mazara del Vallo ITA"]
[Date "2007.08.11"]
[Round "3"]
[White "Colicchia, Michele"]
[Black "Meo, Antonino"]
[Result "1-0"]
[WhiteElo "1496"]
[BlackElo "1434"]
[PlyCount "25"]
[EventDate "2007.08.10"]

1. e4 e5 2. Nf3 Nc6 3. Bb5 Nge7 4. Nc3 d6 5. O-O Bg4 6. d3 g6 7. h3 Bxf3 8.
Qxf3 a6 9. Bc4 f5 10. exf5 gxf5 11. Qh5+ Ng6 12. Qxf5 Nd4 13. Qf7# 1-0

[Event "XV Open Nicolo' La Rosa"]
[Site "Mazara del Vallo ITA"]
[Date "2007.08.11"]
[Round "3"]
[White "Croci, Roberto"]
[Black "Pipitone, Marco"]
[Result "1-0"]
[WhiteElo "1562"]
[BlackElo "1176"]
[PlyCount "37"]
[EventDate "2007.08.10"]

1. e4 e5 2. Nf3 Nf6 3. Nxe5 Nxe4 4. Qe2 Nf6 5. Nc6+ Qe7 6. Nxe7 Bxe7 7. Nc3 d6
8. d4 Bg4 9. Qb5+ Nbd7 10. f3 Bf5 11. Qxf5 g6 12. Qd3 d5 13. Bg5 Bb4 14. Qe3+
Kd8 15. O-O-O Re8 16. Qf4 Bd6 17. Bxf6+ Nxf6 18. Qxf6+ Be7 19. Qxf7 1-0

[Event "XV Open Nicolo' La Rosa"]
[Site "Mazara del Vallo ITA"]
[Date "2007.08.11"]
[Round "3"]
[White "Di Liberti, Ivan"]
[Black "Fiorella, Loreto"]
[Result "1-0"]
[WhiteElo "1635"]
[BlackElo "1529"]
[PlyCount "91"]
[EventDate "2007.08.10"]

1. d4 Nf6 2. c4 e5 3. e3 exd4 4. exd4 d5 5. Nc3 Be7 6. Be3 O-O 7. Bd3 Nc6 8.
Nf3 Be6 9. b3 Bb4 10. Qc2 Bg4 11. Be2 Ne4 12. Bd2 Bxf3 13. Bxf3 Nxd4 14. Qd3
Nxf3+ 15. Qxf3 Nxd2 16. Kxd2 dxc4+ 17. Kc2 cxb3+ 18. axb3 c6 19. Ne4 a5 20.
Rad1 Qc7 21. h4 c5 22. h5 h6 23. g4 c4 24. g5 cxb3+ 25. Kxb3 Qe5 26. gxh6 Qe6+
27. Kb2 Qxh6 28. Rdg1 f5 29. Rg6 fxe4 30. Qb3+ Kh7 31. Rxh6+ gxh6 32. Qe6 Rxf2+
33. Kb1 Rg2 34. Qxe4+ Kh8 35. Qxg2 Rg8 36. Qb2+ Kh7 37. Rd1 Bf8 38. Rd7+ Bg7
39. Qxb7 a4 40. Qe4+ Kh8 41. Qg6 a3 42. Rb7 a2+ 43. Kxa2 Ra8+ 44. Kb3 Ra3+ 45.
Kxa3 Bb2+ 46. Ka4 1-0